Śri Haribhadrasūri. (Record no. 73458)
[ view plain ]
| 000 -LEADER | |
|---|---|
| fixed length control field | 00697cam a22002291 4500 |
| 001 - CONTROL NUMBER | |
| control field | sa 67002830 |
| 003 - CONTROL NUMBER IDENTIFIER | |
| control field | DLC |
| 005 - DATE AND TIME OF LATEST TRANSACTION | |
| control field | 20260227112333.0 |
| 008 - FIXED-LENGTH DATA ELEMENTS--GENERAL INFORMATION | |
| fixed length control field | 891013s1963 ii b 000 0 gujo |
| 010 ## - LIBRARY OF CONGRESS CONTROL NUMBER | |
| LC control number | sa 67002830 |
| 035 ## - SYSTEM CONTROL NUMBER | |
| System control number | (OCoLC)20488246 |
| 040 ## - CATALOGING SOURCE | |
| Original cataloging agency | DLC |
| Transcribing agency | WaU |
| Modifying agency | DLC |
| 042 ## - AUTHENTICATION CODE | |
| Authentication code | premarc |
| 050 00 - LIBRARY OF CONGRESS CALL NUMBER | |
| Classification number | B133.H38 |
| Item number | K3 |
| 100 1# - MAIN ENTRY--PERSONAL NAME | |
| Personal name | Kapadia, Hiralal Rasikdas. |
| 245 10 - TITLE STATEMENT | |
| Title | Śri Haribhadrasūri. |
| 260 ## - PUBLICATION, DISTRIBUTION, ETC. | |
| Date of publication, distribution, etc. | [1963] |
| 300 ## - PHYSICAL DESCRIPTION | |
| Extent | 27, 376 p. |
| Dimensions | 19 cm. |
| 500 ## - GENERAL NOTE | |
| General note | In Gujarati; quotations from the works of Haribhadra Sūri in Sanskrit. |
| 504 ## - BIBLIOGRAPHY, ETC. NOTE | |
| Bibliography, etc. note | Bibliographical references included in "saṅketonī samajaṇa"; p. [10]-12 (1st group) |
| 600 00 - SUBJECT ADDED ENTRY--PERSONAL NAME | |
| Personal name | Haribhadrasūri, |
| Dates associated with a name | 700-770. |
No items available.